000 00397nam a2200169Ia 4500
008 170705s9999 xx 000 0 und d
020 _a9780140566511
245 _aMadeline's rescue /
245 _cby Ludwig Bemelmans.
260 _aNew York :
260 _bPuffin Books,
260 _c1953
300 _a56 pages :
300 _bcolor illustration ;
300 _c30cm.
500 _a460
999 _c337375
_d337375